|
|
|
|
| LEADER |
00000nas a2200000 a 4500 |
| 001 |
ssj0012714 |
| 003 |
WaSeSS |
| 005 |
20200512172242.0 |
| 006 |
m d |
| 007 |
cr n |
| 008 |
020207c19uu9999dcuer pss 0 a0eng c |
| 010 |
|
|
|a 2003212182
|
| 022 |
|
|
|a 1544-077X
|l 0148-8295
|y 0148-8295
|
| 035 |
|
|
|a (WaSeSS)ssj0012714
|
| 037 |
|
|
|b BNA Customer Relations, 9435 Key West Ave., Rockville, MD 20850
|
| 040 |
|
|
|a HNK
|b eng
|c HNK
|d NSD
|d OCLCQ
|d LGG
|d OCLCQ
|d DLC
|d GBT
|d OCLCQ
|d OCLCO
|d OCLCF
|d OCLCO
|d OCLCQ
|d OCLCA
|d OCLCE
|d WaSeSS
|
| 042 |
|
|
|a nsdp
|a pcc
|
| 043 |
|
|
|a n-us---
|
| 050 |
1 |
4 |
|a KF6289.A1
|b T35
|
| 082 |
1 |
0 |
|a 343
|2 13
|
| 130 |
0 |
|
|a Tax Management memorandum (Online)
|
| 210 |
0 |
|
|a Tax Manage. memo.
|b (Online)
|
| 222 |
|
0 |
|a Tax Management memorandum
|b (Online)
|
| 245 |
1 |
0 |
|a Tax Management memorandum
|h [electronic resource].
|
| 246 |
3 |
|
|a Memorandum
|
| 260 |
|
|
|a Washington, DC :
|b Tax Management Inc.
|
| 310 |
|
|
|a Biweekly
|
| 506 |
|
|
|a License restrictions may limit access.
|
| 538 |
|
|
|a Mode of access: World Wide Web.
|
| 588 |
|
|
|a Description based on: Vol. 33, iss. 14 (July 13, 1992); title from title information screen (viewed Jan. 24, 2002).
|
| 650 |
|
0 |
|a Taxation
|z United States
|v Periodicals.
|
| 650 |
|
0 |
|a Taxation
|v Periodicals.
|
| 650 |
|
7 |
|a Taxation.
|2 fast
|0 (OCoLC)fst01143876
|
| 651 |
|
7 |
|a United States.
|2 fast
|0 (OCoLC)fst01204155
|
| 655 |
|
0 |
|a Electronic journals.
|
| 710 |
2 |
|
|a Tax Management Inc.
|
| 776 |
1 |
|
|t Tax Management memorandum
|x 0148-8295
|w (DLC)sn 78005647
|w (OCoLC)3387803
|
| 856 |
4 |
0 |
|z Full text available from Research Library: 07/13/1992 to 12/02/2013
|u https://search.proquest.com/publication/38081
|